书目信息 |
| 题名: |
绿化树木病虫鼠害
|
|
| 作者: | 首都绿化委员会办公室 主编 | |
| 分册: | ||
| 出版信息: | 北京 中国林业出版社 2000.01 |
|
| 页数: | 180页 | |
| 开本: | 32开 | |
| 丛书名: | ||
| 单 册: | ||
| 中图分类: | S763 | |
| 科图分类: | ||
| 主题词: | 森林? | |
| 电子资源: | ||
| ISBN: | 7-5038-2467-0 | |
| 000 | 00579nam0 2200181 45 | |
| 001 | 0008020943 | |
| 005 | 20000802093638.6 | |
| 010 | @a7-5038-2467-0@dRMB 20.00 | |
| 100 | @a20000802d2000 km y0chiy0120 ea | |
| 101 | 0 | @achi |
| 200 | 1 | @a绿化树木病虫鼠害@ALu Hua Shu Mu Bing Chong Shu Hai@f首都绿化委员会办公室主编@FShou Du Lu Hua Wei Yuan Hui Ban Gong Shi Zhu Bian |
| 210 | @a北京@c中国林业出版社@d2000.01 | |
| 215 | @a180页@d32开 | |
| 606 | 0 | @a森林? |
| 690 | @aS763@v3 | |
| 701 | 0 | @a首都绿化委员会办公室@4主编 |
| 801 | @aCN@bPftUser@c20000802 | |
| 905 | @b83907-911@dS763@eS:472@f5 | |
| 绿化树木病虫鼠害/首都绿化委员会办公室主编.-北京:中国林业出版社,2000.01 |
| 180页;32开 |
| ISBN 7-5038-2467-0:RMB 20.00 |
| ● |
| 相关链接 |
|
|
|
正题名:绿化树木病虫鼠害
索取号:S763/S:472
 
预约/预借
| 序号 | 登录号 | 条形码 | 馆藏地/架位号 | 状态 | 备注 |
| 1 | 359413 | 203594137 | 自科库401/401自科库 1排3列3层/ [索取号:S763/S:472] | 在馆 | |
| 2 | 359414 | 203594146 | 自科库401/401自科库 1排3列3层/ [索取号:S763/S:472] | 在馆 | |
| 3 | 359415 | 203594155 | 自科库401/401自科库 1排3列3层/ [索取号:S763/S:472] | 在馆 | |
| 4 | 83907 | 200839076 | 自科库401/401自科库 1排3列3层/ [索取号:S763/S:472] | 在馆 | |
| 5 | 83908 | 200839085 | 自科库401/401自科库 1排3列3层/ [索取号:S763/S:472] | 在馆 | |
| 6 | 83909 | 200839094 | 自科库401/401自科库 1排3列3层/ [索取号:S763/S:472] | 在馆 | |
| 7 | 83910 | 200839101 | 自科库401/401自科库 1排3列3层/ [索取号:S763/S:472] | 在馆 | |
| 8 | 83911 | 200839110 | 自科库401/401自科库 1排3列3层/ [索取号:S763/S:472] | 在馆 |